[Event "Buga-ch"]
[Site "Buga"]
[Date "2009.11.27"]
[Round "4.1"]
[White "Ospina, Weimar Andres"]
[Black "Salazar, Julian"]
[Result "0-1"]
[WhiteElo "1637"]
[BlackElo "1600"]
[PlyCount "49"]
[EventDate "2009.11.27"]
[EventType "swiss"]
[EventRounds "9"]
[EventCountry "COL"]
[SourceTitle "EXT 2024"]
[Source "ChessBase"]
[SourceDate "2023.10.10"]
[SourceVersion "1"]
[SourceVersionDate "2023.10.10"]
[SourceQuality "1"]

1. e4 d6 2. d3 Nf6 3. Nc3 g6 4. Be3 Bg7 5. Nf3 0-0 6. Qd2 Ng4 7. Be2 Nxe3 8. fxe3 c6 9. 0-0 Qb6 10. b3 Bxc3 11. Qxc3 Qxe3+ 12. Rf2 Nd7 13. Re1 Nf6 14. h3 Nh5 15. Bd1 Qh6 16. Nh2 Nf4 17. Ng4 Bxg4 18. Bxg4 e5 19. Ref1 f5 20. exf5 gxf5 21. Bd1 Rf6 22. Kh2 Rg6 23. d4 exd4 24. Qxd4 Rxg2+ 25. Rxg2+ 0-1